The sermons of John Alexander Dowie: (Record no. 14222)

000 -LEADER
fixed length control field 00656nam a2200193 a 4500
001 - CONTROL NUMBER
control field :::00012051$&:&@@
003 - CONTROL NUMBER IDENTIFIER
control field OkBaRHE
005 - DATE AND TIME OF LATEST TRANSACTION
control field 20000607103415.0
008 - FIXED-LENGTH DATA ELEMENTS--GENERAL INFORMATION
fixed length control field s1987 j 000 0 eng u
040 ## - CATALOGING SOURCE
Transcribing agency
100 1# - MAIN ENTRY--PERSONAL NAME
Personal name Lindsay, Gordon (James Gordon), 1906-1973.
245 14 - TITLE STATEMENT
Title The sermons of John Alexander Dowie:
Remainder of title champion of the faith.
260 ## - PUBLICATION, DISTRIBUTION, ETC. (IMPRINT)
Place of publication, distribution, etc Dallas, TX., :
Name of publisher, distributor, etc Christ For The Nations
Date of publication, distribution, etc 1987
300 ## - PHYSICAL DESCRIPTION
Extent 125 p. ;
Dimensions 19 cm.
650 ## - SUBJECT ADDED ENTRY--TOPICAL TERM
Topical term or geographic name as entry element Sermons, Pentecostal
700 ## - ADDED ENTRY--PERSONAL NAME
Personal name Dowie, John Alexander, 1847-1973.
942 ## - ADDED ENTRY ELEMENTS (KOHA)
Source of classification or shelving scheme
Koha item type Books
Copies
Date last seen Koha item type Not for loan Permanent Location Full call number Withdrawn status Damaged status Copy number Price effective from Date acquired Source of classification or shelving scheme Barcode Lost status Shelving location
2010-04-14Books RHEMA Bible Training CollegeBX 8769 .Z6D62  12010-04-142010-04-14 12051 General Stacks